Aplikácia inovatívneho marketingu na vysokých školách

Potreba aplikácie inovatívneho marketingu v činnosti vysokých škôl. Charakteristika inovatívneho marketingu. Proces inovatívneho marketingu vysokej školy.

Salvato in:
Dettagli Bibliografici
Autore principale: Bačo, Tomáš, 1981-
Natura: Capitolo di libro
Lingua:slovacco
Soggetti:
Tags: Aggiungi Tag
Nessun Tag, puoi essere il primo ad aggiungerne!!

MARC

LEADER 00000nla$a2200000$$$4500
001 0072975
005 20240502083209.6
041 0 |a slo 
044 |a CZ 
245 1 0 |a Aplikácia inovatívneho marketingu na vysokých školách  |c Tomáš Bačo 
520 |a Potreba aplikácie inovatívneho marketingu v činnosti vysokých škôl. Charakteristika inovatívneho marketingu. Proces inovatívneho marketingu vysokej školy. 
610 2 0 |a marketing 
610 2 0 |a marketing mix 
610 2 0 |a produkty 
610 2 0 |a služby 
610 2 0 |a školy vysoké 
610 2 0 |a vzdelávanie 
610 2 0 |a inovácia 
610 2 0 |a kvalita 
610 2 0 |a trh práce 
610 2 0 |a zamestnanie 
100 1 |a Bačo, Tomáš, 1981-